Подробности
| 000 -МАРКЕР |
| контрольное поле |
03280nam0a2200385 4500 |
| 001 - ИДЕНТИФИКАТОР ЗАПИСИ |
| контрольное поле |
RU\NLR\BIBL_A\011320456 |
| 005 - ИДЕНТИФИКАТОР ВЕРСИИ |
| контрольное поле |
20260405160402.0 |
| 010 ## - МЕЖДУНАРОДНЫЙ СТАНДАРТНЫЙ НОМЕР КНИГИ (ISBN) |
| Номер (ISBN) |
978-5-9710-4210-5 |
| 021 ## - НОМЕР ГОСУДАРСТВЕННОЙ РЕГИСТРАЦИИ |
| Код страны |
Российская Федерация |
| Номер |
2016-102340 |
| Номер Листа государственной регистраци |
6815 |
| 035 ## - ДРУГИЕ СИСТЕМНЫЕ НОМЕРА |
| Идентификатор записи |
(NLR Aleph) 011320456 |
| 100 ## - ДАННЫЕ ОБЩЕЙ ОБРАБОТКИ |
| Данные общей обработки |
20170203d2016 |||y0rusy50 ca |
| 101 0# - ЯЗЫК РЕСУРСА |
| Язык текста, звукозаписи и т.д. |
русский |
| 102 ## - СТРАНА ПУБЛИКАЦИИ ИЛИ ПРОИЗВОДСТВА |
| Страна публикации |
Российская Федерация |
| 105 ## - ПОЛЕ КОДИРОВАННЫХ ДАННЫХ: ТЕКСТОВЫЕ МАТЕРИАЛЫ, МОНОГРАФИЧЕСКИЕ |
| Кодированные данные о монографическом текстовом документе |
y|||z|||000zy |
| 200 1# - ЗАГЛАВИЕ И СВЕДЕНИЯ ОБ ОТВЕТСТВЕННОСТИ |
| Основное заглавие |
Русская историческая география |
| Сведения, относящиеся к заглавию |
мордва |
| -- |
с приложением работ "Погребальные маски, их употребление и значение" и "Черемисская секта кугу сорта. Опыт исследования религиозных движений среди поволжских инородцев" |
| Первые сведения об ответственности |
С.К. Кузнецов |
| 205 ## - СВЕДЕНИЯ ОБ ИЗДАНИИ |
| Сведения об издании |
[Репр. по изданиям: Русская историческая география. Вып. 2: Мурома. Москва, 1912; Погребальные маски, их употребление и значение". Казань, 1906; Черемисская секта кугу сорта. Опыт исследования религиозных движений среди поволжских инородцев. Москва, 1909] |
| 210 ## - ПУБЛИКАЦИЯ, РАСПРОСТРАНЕНИЕ И ДР. |
| Место издания, распространения и т.д. |
Москва |
| Имя издателя, распространителя и т. д. |
URSS |
| -- |
ЛЕНАНД |
| Дата издания, распространения и т.д. |
2016 |
| -- |
(макет 2017) |
| 215 ## - ФИЗИЧЕСКАЯ ХАРАКТЕРИСТИКА |
| Специфическое обозначение материала и объем |
178, [2] с. |
| Размеры |
22 |
| 225 1# - СЕРИЯ |
| Основное заглавие серии |
Академия фундаментальных исследований: этнология |
| 300 ## - ОБЩИЕ ПРИМЕЧАНИЯ |
| Текст примечания |
На 4-й с. обл. авт.: С.К. Кузнецов, историк, археолог, этнограф |
| 320 ## - ПРИМЕЧАНИЯ О НАЛИЧИИ В ДОКУМЕНТЕ БИБЛИОГРАФИИ / УКАЗАТЕЛЯ |
| Текст примечания |
Библиогр. в подстроч. примеч. |
| 455 #0 - ОРИГИНАЛ, С КОТОРОГО СДЕЛАНА КОПИЯ |
| Встроенное поле |
2001#$aРусская историческая география$hвып. 2$iМордва |
| -- |
210##$aМосква$cПечатня А.И. Снегирёвой$d1912 |
| Заглавие |
Русская историческая география |
| 455 #0 - ОРИГИНАЛ, С КОТОРОГО СДЕЛАНА КОПИЯ |
| Встроенное поле |
2001#$aПогребальные маски, их употребление и значение |
| -- |
210##$aКазань$cТиполитография Императорского университета$d1906 |
| Заглавие |
Погребальные маски, их употребление и значение |
| 455 #0 - ОРИГИНАЛ, С КОТОРОГО СДЕЛАНА КОПИЯ |
| Встроенное поле |
2001#$aЧеремисская секта кугу сорта. Опыт исследования религиозных движений среди поволжских инородцев |
| -- |
210##$aМосква$cТипография Императорского Московского университета$d1909 |
| Заглавие |
Черемисская секта кугу сорта. Опыт исследования религиозных движений среди поволжских инородцев |
| 606 1# - НАИМЕНОВАНИЕ ТЕМЫ КАК ПРЕДМЕТ |
| Наименование темы |
Мордва |
| Тематический подзаголовок |
Этнографические исследования |
| Системный номер авторитетной/нормативной записи |
1645622 |
| Идентификатор авторитетной/нормативной записи |
RU\NLR\AUTH\66728067 |
| 606 1# - НАИМЕНОВАНИЕ ТЕМЫ КАК ПРЕДМЕТ |
| Наименование темы |
Религия |
| Тематический подзаголовок |
Марийцы |
| Системный номер авторитетной/нормативной записи |
2094324 |
| Идентификатор авторитетной/нормативной записи |
RU\NLR\AUTH\661267305 |
| 686 1# - ИНДЕКСЫ ДРУГИХ КЛАССИФИКАЦИЙ |
| Индекс |
Т52(235=Мо) |
| 686 2# - ИНДЕКСЫ ДРУГИХ КЛАССИФИКАЦИЙ |
| Индекс |
Э319.1(235=М) |
| 700 #1 - ИМЯ ЛИЦА - ПЕРВИЧНАЯ ОТВЕТСТВЕННОСТЬ |
| Материалы, к которым относится поле |
rus |
| Графика поля |
Кириллица |
| Начальный элемент ввода |
Кузнецов |
| Часть имени, кроме начального элемента ввода |
С. К. |
| Дополнения к именам, кроме дат |
этнограф и археолог |
| Даты |
1854-1913 |
| Расширение инициалов личного имени |
Стефан Кирович |
| Идентификатор авторитетной/нормативной записи |
RU\NLR\AUTH\7767030 |
| Системный номер авторитетной/нормативной записи |
49958 |
| 942 ## - ДОПОЛНИТЕЛЬНЫЕ ЭЛЕМЕНТЫ ЗАПИСИ (АБИС) |
| Тип экземпляра АБИС |
Книга |
| 980 ## - КОЛЛЕКЦИЯ |
| Название коллекции |
Национальная библиография |